| 000 | 00000nas##2200000za#4500 |
| 001 | 9.509632 |
| 003 | CaOODSP |
| 005 | 20200325130824 |
| 007 | ta |
| 008 | 150406c1994||||xxc|| m #||||f| |0eng|d |
| 040 | |aCaOODSP|beng |
| 041 | |aeng |
| 041 | |afre |
| 043 | |an-cn--- |
| 086 | 1 |aSC94-57 |
| 110 | 1 |aCanada.|bCanadian Centre for Management Development. |
| 245 | 10|aExplorations : |bperspectives on public management |
| 260 | |aOttawa - Ontario : |bCanadian Centre for Management Development |
| 500 | |a"Each session in this series has been designed as a lively forum in which a knowledgeable guest speaker shares thoughts and perceptions with a small number of participants drawn mainly from the federal public service."--Page i. |
| 520 | 3 |aEach session in this series has been designed as a lively forum in which a knowledgeable guest speaker shares thoughts and perceptions with a small number of participants drawn mainly from the federal public service.--Page i |
| 563 | |aRing binding |
| 775 | 08|tExplorations |w(CaOODSP)9.514896 |
| 792 | |tExplorations : |efre|w(CaOODSP)9.509633 |